LEADER 01315nam a2200265 i 4500 001 000000164691 003 CaOOAMICUS 005 20070924000000.0 008 070924s1979 it u000 u ita u 013 $a142059 040 $aSeMil$bita 100 1 $aBahtin, Mihail Mihajlovic,$d<1895-1975>.$0(OLS)http://semarc/name/36883 245 12$aL'opera di Rabelais e la cultura popolare :$briso, carnevale e festa nella tradizione medievale e rinascimentale /$cMichail Bachtin. 260 $aTorino :$bGiulio Einaudi,$ccopyr. 1979. 300 $a524 p. ;$c21 cm. 490 0 $aEinaudi Paperbacks ;$v109 600 14$aRabelais, François .$0(OLS)http://semarc/subject/10542 650 4$aCultura popolare - Francia - Sec. 16.$0(OLS)http://semarc/subject/31285 650 4$aLetteratura francese popolare - Sec. 16.$0(OLS)http://semarc/subject/31286 830 0$aEinaudi Paperbacks ;$v109.$0(OLS)http://semarc/title/6898 850 $aSeMil 852 $aSeMil$W1$xVenegono$y1$m1R III 39$j248416$B115920$CSeMilBibl$Z2$F126739 $81 961 $aRecupero: Altro 996 $6245$aL'opera di Rabelais e la cultura popolare :$briso, carnevale e festa nella tradizione medievale e rinascimentale$9(OLS)http://semarc/title/234998 996 $6260$aTorino :$bGiulio Einaudi$9(OLS)http://semarc/publisher/29810 LEADER 01467nam a2200301 i 4500 001 000000056721 003 CaOOAMICUS 005 20221019095651.0 008 161221s1780 it u000 u ita u 013 $a27893 026 $an-A- seo- n-o. Tude (3) 1780 (Q) 040 $aSeMil$bita 100 1 $aVilla, Angelo Teodoro.$0(OLS)http://semarc/name/28741 245 10$aLezioni d'eloquenza di Angelo Teodoro Villa regio professore d'eloquenza e di storia. 264 1$aIn Pavia :$bNella stamperia del R.I. Monast. di S. Salvatore : per Giuseppe Bianchi,$c1780. 300 $aXVI, 272 p. ;$c8º. 500 $aMedaglione inciso raffigurante l'Universita di Pavia ed iscrizione sul front. 500 $aData della dedica: 31 maggio 1780 500 $aSegn.: *8 A-R8 650 4$aRetorica.$0(OLS)http://semarc/subject/2202 650 4$aEloquenza.$0(OLS)http://semarc/subject/11468 710 2 $aTipografia del Monastero di San Salvatore$b.$0(OLS)http://semarc/name/4973 850 $aSeMil 852 $aSeMil$W1$xVenegono$y1$m3F IV 5 FA$j22875$B22875$CSeMilBibl$Z2$F22877 $8I 961 $aOmaggio: Biblioteca Seminario Seveso (fino al 1985) 996 $6245$aLezioni d'eloquenza di Angelo Teodoro Villa regio professore d'eloquenza e di storia$9(OLS)http://semarc/title/88224 996 $6264$aIn Pavia :$bNella stamperia del R.I. Monast. di S. Salvatore : per Giuseppe Bianchi$9(OLS)http://semarc/publisher/58448